The Monthly law digest / (Record no. 566051)

000 -LEADER
fixed length control field 01691cas a2200469 a 4500
001 - CONTROL NUMBER
control field 11278080
003 - CONTROL NUMBER IDENTIFIER
control field NUST
005 - DATE AND TIME OF LATEST TRANSACTION
control field 20210906110831.0
008 - FIXED-LENGTH DATA ELEMENTS--GENERAL INFORMATION
fixed length control field 840712c19uu9999pk mr lw 0 a0eng
010 ## - LIBRARY OF CONGRESS CONTROL NUMBER
LC control number 83930400
035 ## - SYSTEM CONTROL NUMBER
System control number (OCoLC)ocm10941349
037 ## - SOURCE OF ACQUISITION
Source of stock number/acquisition Monthly Law Digest Office, Katchery Rd., Lahore
038 ## - RECORD CONTENT LICENSOR
Staff Name Atta
040 ## - CATALOGING SOURCE
Original cataloging agency DLC
Language of cataloging eng
Transcribing agency DLC
Modifying agency CRL
-- DLC
-- OCLCQ
-- OCLCF
-- OCLCO
-- OCLCA
-- OCLCQ
042 ## - AUTHENTICATION CODE
Authentication code pcc
043 ## - GEOGRAPHIC AREA CODE
Geographic area code a-pk---
050 00 - LIBRARY OF CONGRESS CALL NUMBER
Classification number LAW
082 0# - DEWEY DECIMAL CLASSIFICATION NUMBER
Classification number Vol-
Edition number 19
245 04 - TITLE STATEMENT
Title The Monthly law digest /
Statement of responsibility, etc. Cases Decided by Superior Courts of Pakistan, AJK & GB
260 ## - PUBLICATION, DISTRIBUTION, ETC.
Place of publication, distribution, etc. Lahore :
Name of publisher, distributor, etc. Monthly Law Digest Office
300 ## - PHYSICAL DESCRIPTION
Extent volumes ;
Dimensions 25 cm
310 ## - CURRENT PUBLICATION FREQUENCY
Current publication frequency Monthly
336 ## - CONTENT TYPE
Content type term text
Content type code txt
Source rdacontent
337 ## - MEDIA TYPE
Media type term unmediated
Media type code n
Source rdamedia
338 ## - CARRIER TYPE
Carrier type term volume
Carrier type code nc
Source rdacarrier
500 ## - GENERAL NOTE
General note "Digest of cases and statutes reported in all the law journals of Pakistan during the current month."
563 ## - BINDING INFORMATION
Binding note PBK
580 ## - LINKING ENTRY COMPLEXITY NOTE
Linking entry complexity note Issued also in an annual cumulation.
588 ## - SOURCE OF DESCRIPTION NOTE
Source of description note Description based on: Pt. 1 (Jan. 1983); title from cover.
590 ## - LOCAL NOTE (RLIN)
Local note SERBIB/SERLOC merged record
650 #0 - SUBJECT ADDED ENTRY--TOPICAL TERM
Topical term or geographic name entry element Law reports, digests, etc.
Geographic subdivision Pakistan.
9 (RLIN) 55108
650 #0 - SUBJECT ADDED ENTRY--TOPICAL TERM
Topical term or geographic name entry element Law
Geographic subdivision Pakistan
Form subdivision Digests.
9 (RLIN) 55109
650 #7 - SUBJECT ADDED ENTRY--TOPICAL TERM
Topical term or geographic name entry element Law.
Source of heading or term fast
Authority record control number or standard number (OCoLC)fst00993678
9 (RLIN) 35302
650 #7 - SUBJECT ADDED ENTRY--TOPICAL TERM
Topical term or geographic name entry element Law reports, digests, etc.
Source of heading or term fast
Authority record control number or standard number (OCoLC)fst00994106
9 (RLIN) 55110
651 #7 - SUBJECT ADDED ENTRY--GEOGRAPHIC NAME
Geographic name Pakistan.
Source of heading or term fast
Authority record control number or standard number (OCoLC)fst01210275
655 #7 - INDEX TERM--GENRE/FORM
Genre/form data or focus term Digests.
Source of term fast
Authority record control number (OCoLC)fst01423795
9 (RLIN) 55111
775 1# - OTHER EDITION ENTRY
Title Monthly law digest (Annual)
Record control number (DLC)sn 88043112
-- (OCoLC)17958144
906 ## - LOCAL DATA ELEMENT F, LDF (RLIN)
a 7
b cbc
c serials
d 2
e ncip
f 19
g n-oclcserc
942 ## - ADDED ENTRY ELEMENTS (KOHA)
Source of classification or shelving scheme
Koha item type Continuing Resources
Holdings
Withdrawn status Lost status Source of classification or shelving scheme Damaged status Not for loan Permanent Location Current Location Shelving location Date acquired Total Checkouts Full call number Barcode Date last seen Price effective from Koha item type
          Central Library (CL) Central Library (CL) Reference 05/05/2021   Vol-XXXIX, Part-4 Apr 2021 S-99489 05/05/2021 05/05/2021 Continuing Resources
          Central Library (CL) Central Library (CL) Reference 05/26/2021   Vol-XXXIX, Part-3 Mar 2021 S-99540 05/26/2021 05/26/2021 Continuing Resources
          Central Library (CL) Central Library (CL) Reference 05/26/2021   Vol-XXXIX, Part-2 Feb 2021 S-99529 05/26/2021 05/26/2021 Continuing Resources
          Central Library (CL) Central Library (CL) Reference 05/26/2021   Vol-XXXIX, Part-1 Jan 2021 S-99523 05/26/2021 05/26/2021 Continuing Resources
          Central Library (CL) Central Library (CL) Reference 06/14/2021   Vol-XXXIX, Part-5 May 2021 S-3271 06/14/2021 06/14/2021 Continuing Resources
          Central Library (CL) Central Library (CL) Reference 07/05/2021   Vol-XXXIX, Part-6 Jun 2021 S-3336 07/05/2021 07/05/2021 Continuing Resources
          Central Library (CL) Central Library (CL) Reference 09/06/2021   Vol-XXXIX, Part-8 Aug 2021 S-3479 09/06/2021 09/06/2021 Continuing Resources
          Central Library (CL) Central Library (CL) Reference 09/06/2021   Vol-XXXIX, Part-7 Jul 2021 S-3405 09/06/2021 09/06/2021 Continuing Resources
          Central Library (CL) Central Library (CL) Reference 10/06/2021   Vol-XXXIX, Part-9 Sep 2021 S-3552 10/06/2021 10/06/2021 Continuing Resources
          Central Library (CL) Central Library (CL) Reference 11/10/2021   Vol-XXXIX, Part-10 Oct 2021 S-3643 11/10/2021 11/10/2021 Continuing Resources
          Central Library (CL) Central Library (CL) Reference 12/15/2021   Vol-XXXIX, Part-11 Nov 2021 S-3741 12/15/2021 12/15/2021 Continuing Resources
          Central Library (CL) Central Library (CL) Reference 01/12/2022   Vol-XXXIX, Part-12 Dec 2021 S-3778 01/12/2022 01/12/2022 Continuing Resources
© 2023 Central Library, National University of Sciences and Technology. All Rights Reserved.